LEADER 01608nam 2200505 450 001 9910543341203321 005 20230811112244.0 010 $a1-119-49229-7 010 $a1-119-49231-9 010 $a1-119-49227-0 035 $a(CKB)4100000007805062 035 $a(MiAaPQ)EBC5726277 035 $a(Au-PeEL)EBL5726277 035 $a(OCoLC)1089683803 035 $a(EXLCZ)994100000007805062 100 $a20190328d2019 uy 0 101 0 $aeng 135 $aurcnu|||||||| 181 $ctxt$2rdacontent 182 $cc$2rdamedia 183 $acr$2rdacarrier 200 10$aBuilding collaborative trust in construction procurement strategies /$fJason Challender, Peter Farrell, Peter McDermott 210 1$aHoboken, NJ :$cWiley Blackwell,$d2019. 215 $a1 online resource (282 pages) 225 1 $aTHEi Wiley ebooks 311 $a1-119-49226-2 320 $aIncludes bibliographical references and index. 410 0$aTHEi Wiley ebooks. 606 $aConstruction industry$xManagement 606 $aBuilding materials$xPurchasing 606 $aIndustrial procurement 615 0$aConstruction industry$xManagement. 615 0$aBuilding materials$xPurchasing. 615 0$aIndustrial procurement. 676 $a624.068/7 700 $aChallender$b Jason$01187777 702 $aFarrell$b Peter$f1955- 702 $aMcDermott$b Peter 801 0$bMiAaPQ 801 1$bMiAaPQ 801 2$bMiAaPQ 906 $aBOOK 912 $a9910543341203321 996 $aBuilding collaborative trust in construction procurement strategies$92751928 997 $aUNINA LEADER 03829oam 2200685I 450 001 9910953363603321 005 20251116211403.0 010 $a1-317-88162-1 010 $a1-138-16699-5 010 $a1-315-84002-2 010 $a1-317-88163-X 024 7 $a10.4324/9781315840024 035 $a(CKB)3710000000128591 035 $a(EBL)1710656 035 $a(SSID)ssj0001291003 035 $a(PQKBManifestationID)11760997 035 $a(PQKBTitleCode)TC0001291003 035 $a(PQKBWorkID)11248221 035 $a(PQKB)11635060 035 $a(MiAaPQ)EBC1710656 035 $a(Au-PeEL)EBL1710656 035 $a(CaPaEBR)ebr10884016 035 $a(OCoLC)881570948 035 $a(OCoLC)897463186 035 $a(FINmELB)ELB138433 035 $a(EXLCZ)993710000000128591 100 $a20180706h20142003 uy 0 101 0 $aeng 135 $aur|n|---||||| 181 $ctxt 182 $cc 183 $acr 200 04$aThe Brontes /$fedited and introduced by Patricia Ingham 205 $a1st ed. 210 1$aLondon :$cRoutledge,$d2014, c2003. 215 $a1 online resource (513 p.) 225 1 $aLongman Critical Readers 300 $aFirst published 2003 by Pearson Education Limited. 311 08$a1-306-87051-8 311 08$a0-582-32727-X 320 $aIncludes bibliographical references and index. 327 $aCover; Half Title; Title Page; Copyright Page; Table of Contents; Acknowledgements; Dedication; Introduction; 1. Wuthering Heights; Notes; 2. A Dialogue of Self and Soul: Plain Jane's Progress; Notes; 3. The Sultan and the Slave: Feminist Orientalism and the Structure of Jane Eyre; Notes; References; 4. Shirley; 'The Toad in the Block of Marble'; 'Capsized by the Patriarch Bull' (p. 245); 'The Famished and Furious Mass' (p. 344); Notes; 5. Villette: 'The Surveillance of a Sleepless Eye'; Notes; 6. Words on 'Great Vulgar Sheets': Writing and Social Resistance in Anne Bronte?'s Agnes Grey (1847) 327 $aNotesWorks Cited; 7. The Profession of the Author: Abstraction, Advertising, and Jane Eyre; I; II; Notes; Works Cited; 8. Gothic Desire in Charlotte Bronte?'s Villette; Notes; 9. The Other Case: Gender and Narration in Charlotte Bronte?'s The Professor; Notes; Works Cited; 10. Edward Rochester and the Margins of Masculinity in Jane Eyre and Wide Sargasso Sea; Works Cited; 11. Gender and Layered Narrative in Wuthering Heights and The Tenant of Wildfell Hall; Notes; Works Cited; 12. Siblings and Suitors in the Narrative Architecture of The Tenant of Wildfell Hall; I; II; Notes 327 $a13. Diaries and Displacement in Wuthering HeightsNotes; Further Reading; Index 330 $aThe novels of Charlotte and Emily Bronte have become canonical texts for the application of twentieth century literary and cultural theory. Along with the work of their sister, Anne, their texts are regarded as a sources of diversity in themselves, full of conflictual material which different schools of criticism have analysed and interpreted. This book shows how the Brontes writings engage with the major issues which dominate twentieth century theoretical work. The essays are grouped under broad schools of theory- biographical; feminist; marxist; psychoanalytical and postcolonial. 410 0$aLongman critical readers. 606 $aEnglish fiction$y19th century$xHistory and criticism 606 $aEnglish fiction$xWomen authors$xHistory and criticism 615 0$aEnglish fiction$xHistory and criticism. 615 0$aEnglish fiction$xWomen authors$xHistory and criticism. 676 $a823/.709 676 $a823.809 701 $aIngham$b Patricia$0549338 801 0$bMiAaPQ 801 1$bMiAaPQ 801 2$bMiAaPQ 906 $aBOOK 912 $a9910953363603321 996 $aBrontės$91069730 997 $aUNINA